| 000 | 00452pam a2200157 a 4500 | ||
|---|---|---|---|
| 020 |
_a0781710024 _c |
||
| 041 | _h | ||
| 082 |
_a618.2 _bMOHAM |
||
| 100 | _aMARGAB, G.HAMILTON, C . | ||
| 245 |
_aPRACTICAL GUIDLINES FOR OBSTETRICS AND GYNAECOLOGY / _cNULL. _hTextual Documents |
||
| 250 |
_a2 ED/ _b. |
||
| 260 |
_aNULL : _bLIPPINCOTT WILLIAMS & WILKINS , _c2003. |
||
| 300 |
_a383 : : _bXII ; ; _cA4 . + _ePB. |
||
| 930 | _a2895 | ||
| 999 |
_c797430 _d797430 |
||
| 650 | _aOBST.GYNE | ||